Quizzes
Events
Quiz Creation
Community
Videos
Private Events
Remove Ads
Sign In
Join for FREE
Feedback
Dark Mode
Quiz Categories
Sports
Geography
Music
Movies
Television
Just For Fun
Miscellaneous
History
Literature
Language
Science
Gaming
Entertainment
Religion
Holiday
For Kids
Quiz Lab
Recent
Popular Today
Quiz Kudos Today
Editor Picks
Curator Picks
Quizzes by...
Day
Popularity
Type
Ratings
Length
Year
Community
Subscriptions
Recent Discussions
Orange Saloon
Badges
Playlists
Quests
Create
Leaderboards
Showdown
Live 5
Trivia Bingo
Activity
Puzzle Library
Sporcle Events
Private Events
Virtual Trivia
Globe League
Become a Host
Pub Owners
SporcleCon
Opinionation
Our Games
Videos
Blog
Mobile Apps
Partnerships
Remove Ads and Go Orange
Feedback
Literature
Harry Potter
A Song of Ice and Fire
The Hunger Games
Literary Character
Shakespeare
Book
Author
Novel
Poem
Young Adult
Children's Books
Play
Lord of the Rings
Literature
Harry Potter
A Song of Ice and Fire
The Hunger Games
Literary Character
Shakespeare
Book
Author
Novel
Poem
Young Adult
Children's Books
Play
Lord of the Rings
Random Quiz
Search Sporcle
×
Quiz Lab
Quiz Lab
Literature
Book
Type in answers that appear in a list
Type in answers that appear in a list
Classic
Best Score? Go Orange.
Aesops Fables: Fill in the Blank Stats
Can You Name the Fill in the Missing Word of These Fables By Aesop?
By
Nate_the_Great
2m
15 Questions
64 Plays
64 Plays
64 Plays
Comments
Comments
Give Quiz Kudos
Give Quiz Kudos
-
- Ratings
hide this ad
Replay
Link that replays current quiz
Next Quiz
Link to next quiz in quiz playlist
You Got
0%
They Got
Avg Score
38%
Avg Friend Score
Upgrade to see
Score Distribution
Jump to the score distribution portion of the page
Score
0/15
Timer
02:00
0
Plays Today
Incomplete Fable
Missing Word
% Correct
The Goose with the Golden _
_
_
_
Eggs
89.1%
The _
_
_
_
and the Tortoise
Hare
87.5%
The Lion and the _
_
_
_
Fox or Mouse
75%
The Ants and the _
_
_
_
_
_
_
_
_
_
_
Grasshopper
59.4%
The Fox and the _
_
_
_
Crow
51.6%
The Wind and the _
_
_
Sun
35.9%
The Wolf and the _
_
_
_
_
Sheep
32.8%
The Vain _
_
_
_
Crow
31.3%
Incomplete Fable
Missing Word
% Correct
The Lion, the Bear, and the _
_
_
Fox
25%
The Moon and Her _
_
_
_
_
_
Mother
15.6%
The Trees and the _
_
_
Axe
15.6%
The Sick _
_
_
_
Lion
15.6%
The Thief and his _
_
_
_
_
_
Mother
14.1%
The Lion and the Three _
_
_
_
_
Bulls
10.9%
The Stag at the _
_
_
_
Pool
10.9%
Quiz Playlist
Details
Report
Send in Message
Add To Playlist
Classic:
Type in answers that appear in a list
Last Updated: May 16, 2020
Quiz Scoreboard
CHALLENGE
Sign Up to Join the Scoreboard
Show All
Scores
Hide
Comments
May contain spoilers
Recently Published
9x9 Crossword: Cartoon Network
by jackfrog10
Miscellaneous
3m
College Basketball Coaching Resumes
by pancakes188
Sports
9m
Billboard Blitz: Fleetwood Mac
by CooCooCachoo
Music
15s
More to Explore
Quiz From the Vault
Featured Blog Post
Where Did the Easter Bunny Come From?
hide this ad
You Might Also Like...
Tags
Book Quiz
Children's Books Quiz
Fable
fill-in-the-blank
Short Story
Story
Today's Top Quizzes in Literature
Browse Literature
hide this ad
Today's Top Quizzes in Book
Browse Book
Top Contributed Quizzes in Literature
1
Sneaky Slytherin Logic Puzzle
2
Get The Picture: Black or White Literature
3
5-to-1: Plays
4
A Court of Thorns and Roses (ACoTaR) Logic Puzzle
5
One Thing in Common: Literature
6
One Thing in Common: Literature II
7
One Thing in Common: Literature 3
8
One Thing in Common: Books
9
Literary Siblings Odd One Out III
10
Harry Potter Neighbourly Logic Puzzle #1
Explore More
Trending Topics
Marvel
Anime
Harry Potter
Disney
Crossword
NBA
Kpop
The Office
Country
NFL
Puzzle
Soccer
Pokémon
Song
WWE
hide this ad
More By:
Nate_the_Great
Quiz
Plays
Rating
Category
Featured
Created
Battles WWI or WWII
2,645
4.42
History
Feb 19, 2013
Who Did it: Marvel Phase 1
1,576
5.00
Movies
Sep 14, 2020
Revolutionary War Battles' Victors
651
4.67
History
Mar 18, 2014
The False Prince Trivia
646
4.67
Literature
Mar 2, 2013
Commanders of Famous Battles
593
4.00
History
Feb 18, 2013
Go to Creator's Profile
Score Distribution
Quiz Creator Spotlight
Nate_the_Great
Follow
Send a Message
Quizzes Created
-
Created Quiz Play Count
-
More By This Creator
Popular Quizzes Today
1
Find the US States - No Outlines Minefield
2
Find the Countries of Europe - No Outlines Minefield
3
The Countries of the World
4
Find the US States
5
Risky Map Clicking: Biggest States A-Z
6
US States
7
Popular People in 1961
8
Movies - When Are They Set?
More Literature Quizzes
Literary Best Friends
Published
Trending Quizzes
Risky Map Clicking: Least Populous States A-Z
1-10 Letter G Words
1-10 Letter F Words
Risky Map Clicking: Next State Alphabetically
Adjectives in 80s TV Shows
Recently Updated
Leaping Animals
pecheneg
Reality TV Shows (A-Z)
bhenderson79
Rickey Henderson's Hall of Fame Teammates
pecheneg
Champions League XIs: Arsenal
pecheneg
Quick Pick: Celebrities in WWE's Hall of Fame
aduchscher
A-Z Keypad Blitz II
pecheneg
Multiple Oscar Actors
pecheneg
Mystery Phrase Blitz: Oscar 'Best Actors'
pecheneg
F. Scott Fitzgerald Novels
LTH
Pick 3 Villains
ddd62291
Trending Topics
Disney
Crossword
Kpop
Anime
NBA
Harry Potter
Marvel
Puzzle
Soccer
Pokémon
Song
WWE
Country
NFL
The Office
Your Account Isn't Verified!
In order to create a playlist on Sporcle, you need to verify the email address you used during registration. Go to your
Sporcle Settings
to finish the process.
Report this User
Report this user for behavior that violates our
Community Guidelines
.
Details:
Send Report
Go to the Sporcle.com Mobile Site →
Comments